000 00343nam a22001577a 4500
003 OSt
008 250417b |||||||| |||| 00| 0 eng d
020 _a9780241283912
082 _a646.7 WIL
100 _aWIKING,Meik
245 _aLittle Books of Hygge
260 _aUK
_bPenguin
300 _a287
650 _aGeneral
942 _2ddc
_cREF
999 _c13309
_d13309